Mistrzowie Włoch - Statystyki

Ogólne statystyki
  • Ten quiz został rozwiązany 242 razy
  • Średni wynik to 7 z 16
Statystyki odpowiedzi
Ilość tytułów Odpowiedź % Poprawnych
20 Inter Mediolan
97%
19 AC Milan
96%
36 Juventus Turyn
95%
3 AS Roma
83%
2 Lazio Rzym
71%
3 SSC Napoli
63%
2 Sampdoria
49%
9 Genoa
46%
2 AC Fiorentina
32%
7 Torino FC
23%
1 Hellas Werona
13%
1 Cagliari Calcio
8%
7 FC Bologna
8%
7 FC Pro Vercelli 1892
2%
1 ASD Novese
0%
1 FBC Casale
0%
Nie znaleziono quizów pasujących do podanych kryteriów
Rozkład punktacji
Procent ludzi z każdym wynikiem
Percentyl według liczby udzielonych odpowiedzi
Twoja historia wyników
Nie rozwiązałeś tego quizu